Marvel Or Dc Characters #8 - Statistics

General Stats
  • This quiz has been taken 115 times
  • The average score is 14 of 16
Answer Stats
Question Answer % Correct
Luke Cage Marvel
98%
Antman Marvel
98%
Shang Chi Marvel
96%
Green Arrow DC
94%
The Wasp Marvel
94%
Zantana Zatara DC
92%
Nova Marvel
90%
Sara Lance DC
88%
Atom Smasher DC
87%
Jessica Jones Marvel
87%
Adam Warlock Marvel
85%
Atom DC
81%
Huntress DC
77%
Roy Harper DC
77%
Artemis DC
77%
Gorr The Butcher Marvel
75%
No matching quizzes found
Score Distribution
Percent of People with Each Score
Percentile by Number Answered
Your Score History
You have not taken this quiz